| 000 | 01480nam a2200289Ia 4500 | ||
|---|---|---|---|
| 999 |
_c37909 _d37909 |
||
| 001 | 3887 | ||
| 003 | GE_BSU | ||
| 005 | 20190820163027.0 | ||
| 008 | 181216s1983||||ge |||||||||||||| ||geo|| | ||
| 040 | _cGE_BSU | ||
| 041 | _ageo | ||
| 080 | _a1(430)(092)+111 მ–29 | ||
| 100 |
_aმარგველაშვილი, გ. _93702 |
||
| 245 |
_aფინალობის პრობლემა ნიკოლაი ჰარტმანისა და მარტინ ჰაიდეგერის ონტოლოგიებში / _cრედ. ნ. ნათაძე; საქ. სსრ მეცნ. აკად. ფილოსოფიის ინ–ტი. |
||
| 264 |
_aთბ. : _bმეცნიერება, _c1983. |
||
| 300 |
_a274 გვ. ; _b22 სმ. |
||
| 504 | _aბიბლიოგრ. ტექსტის შენიშვნებში. | ||
| 520 | _aრეზ. რუს. და გერმ. ენებზე. | ||
| 600 |
_aჰარტმანი ნიკოლაი _93697 |
||
| 600 |
_aჰაიდეგერი მარტინ _93703 |
||
| 653 | _aჰარტმანი ნიკოლაი | ||
| 653 | _aჰაიდეგერი მარტინ | ||
| 653 | _aონტოლოგია | ||
| 700 |
_aნათაძე, ნ. _eრედაქტორი _93704 |
||
| 710 |
_aსაქ. სსრ მეცნ. აკად., ფილოს. ინ-ტი. _93594 |
||
| 942 |
_cBK _2udc |
||